ბათუმის შოთა რუსთაველის სახელმწიფო უნივერსიტეტის ბიბლიოთეკა

აფხაზეთის ეთნიკური ისტორიის ლინგვისტური საფუძვლები : (ბიბ.ჩანაწერი № 51213)

000 -ლიდერი
ფიქსირებული სიგრძის საკონტროლო ველი 01733nam a2200289Ia 4500
001 - საკონტროლო ნომერი
საკონტროლო ველი 18173
003 - საკონტროლო ნომრის იდენტიფიკატორი
საკონტროლო ველი GE_BSU
005 - ბოლო ოპერაციის თარიღი და დრო
საკონტროლო ველი 20250905162802.0
008 - ფიქსირებული სიგრძის მონაცემთა ელემენტები - ზოგადი ინფორმაცია
ფიქსირებული სიგრძის საკონტროლო ველი 181216s2008||||ge |||||||||||||| ||geo||
020 ## - წიგნის საერთაშორისო სტანდარტული ნომერი
International Standard Book Number 978994055609
040 ## - კატალოგიზაციის წყარო
Transcribing agency GE_BSU
041 ## - ენის კოდი
Language code of text/sound track or separate title geo
080 ## - უნივერსალური ათობითი კლასიფიკაციის ინდექსი
Universal Decimal Classification number 81'352.2'282 გ-44
100 ## - მთავარი ჩანაწერი - პიროვნების სახელი
Personal name გვანცელაძე, თეიმურაზ
9 (RLIN) 291
245 ## - ცნობა სათაურის შესახებ
Title აფხაზეთის ეთნიკური ისტორიის ლინგვისტური საფუძვლები :
Remainder of title ძირითადი პრობლემები /
Statement of responsibility, etc თეიმურაზ გვანცელაძე; რედ.: ჯემალ გამახარია, მანანა ტაბიძე; იბერიულ-კავკასიური საერთაშ. სამეცნ. ცენტრი.
264 ## - წარმოების, გამოცემის, დისტრიბუციის და სხვა ცნობები
გამოცემის, წარმოების, დისტრიბუციის... ადგილი თბილისი :
გამოცემის, წარმოების, დისტრიბუციის... სახელწოდება არტანუჯი,
გამოცემის, წარმოების, დისტრიბუციის... თარიღი 2008.
300 ## - ფიზიკური აღწერა
Extent 123 გვ.:
Other physical details ილ.;
Dimensions 21 სმ.
490 ## - სერიის ცნობა
Series statement კავკასიოლოგიური სერია ; 6
500 ## - ზოგადი შენიშვნა
General note დამატებითი სატიტულო გვერდი ინგლ. ენაზე.
504 ## - BIBLIOGRAPHY, ETC. NOTE
Bibliography, etc ბიბლიოგრ. ტექსტის შენიშვნებში.
520 ## - SUMMARY, ETC.
Summary, etc პარალ. სათ.ინგლ.ენ.
653 ## - INDEX TERM--UNCONTROLLED
Uncontrolled term აფხაზები
700 ## - ADDED ENTRY--PERSONAL NAME
Personal name გამახარია, ჯემალ
Relator term რედაქტორი
9 (RLIN) 551
700 ## - ADDED ENTRY--PERSONAL NAME
Personal name ტაბიძე, მანანა
Relator term რედაქტორი
9 (RLIN) 5716
710 ## - ADDED ENTRY--CORPORATE NAME
Corporate name or jurisdiction name as entry element იბერიულ-კავკასიური საერთაშ. სამეცნ. ცენტრი.
9 (RLIN) 25775
942 ## - ADDED ENTRY ELEMENTS (KOHA)
Koha item type წიგნი
Source of classification or shelving scheme
ეგზემპლარები
ჩამოწერის სტატუსი დაკარგული ეგზემპლარის სტატუსი კლასიფიკაციის წყარო ან თაროზე გაწყობის სქემა დაზიანების სტატუსი არ გაიცემა მუდმივი მდებარეობა (დაცვის ადგილი) ამჟამინდელი ადგილსამყოფელი თაროზე განთავსების ადგილი შეძენის თარიღი ღირებულება, შესყიდვის ნორმალური ფასი სრული შენახვის შიფრი შტრიხკოდი ბოლო ოპერაციის თარიღი ეგზემპლარის მიმდევრობითი ნომერი (კეტერი?) ფასის ძალაში შესვლის თარიღი ეგზემპლარის სახეობა საჯარო შენიშვნა
          ბათუმის შოთა რუსთაველის სახელმწიფო უნივერსიტეტის მთავარი ბიბლიოთეკა ბათუმის შოთა რუსთაველის სახელმწიფო უნივერსიტეტის მთავარი ბიბლიოთეკა წიგნსაცავი 2018-12-17 7.00 81'352.2'282 გ-44 46334 2018-12-17 46334 2018-12-17 წიგნი 7 ლ.